Lejos de Frin /

Con esta nueva novela de Luis María Pescetti regresan las entrañables personajes de Frin y sus amigos, quienes vivirán inesperadas situaciones donde no faltarán viajes, romance y aventuras de principio a fin.

Guardado en:
Autor Principal: Pescetti, Luis María
Otros Autores: O´Kif; il.
Formato: Libro
Publicado: Buenos Aires, Alfaguara. 2009 :
Edición:4a reimp.
Series:Narativa Infantil. Naranja
Materias:
Etiquetas: Agregar Etiqueta
Sin Etiquetas, Sea el primero en etiquetar este registro!
LEADER 00884nam a22002295a 4500
001 CEM.cems020054
008 230502b2005##################000#0#####d
005 20230502113138.0
245 1 0 |a Lejos de Frin /  |c Luis María Pescetti, ilustrado por O'kif. 
250 |a 4a reimp. 
260 |a Buenos Aires,  |c 2009 :  |b Alfaguara. 
300 |a 400 p. ;  |c ; 20cm. 
490 0 |a Narativa Infantil. Naranja 
520 |a Con esta nueva novela de Luis María Pescetti regresan las entrañables personajes de Frin y sus amigos, quienes vivirán inesperadas situaciones donde no faltarán viajes, romance y aventuras de principio a fin. 
020 |a 9789870402220 
100 1 |a Pescetti, Luis María 
700 1 |a O´Kif; il. 
082 0 4 |a A863.4 
653 |a Literatura infantil 
653 |a Literatura juvenil 
653 |a Novela 
859 |a CEMS  |b BIB. CEMS - Agricultura  |h A863.4  |i P436-5  |p A3521.23  |t Ej.1